Statistics for North American countries that play in World Cup

Click here to take the quiz!

General Stats

  • This quiz has been taken 20 times
  • The average score is 10 of 11

Answer Stats

HintAnswer% Correct
2Canada
100%
6Costa Rica
94%
1Cuba
94%
17Mexico
94%
1Panama
94%
11USA
94%
1Haiti
89%
3Honduras
89%
1Jamaica
89%
2El Salvador
83%
1Trinidad and Tobago
78%

Score Distribution

Percentile by Number Answered

Percent of People with Each Score

Your Score History

You have not taken this quiz